|
|
|
|
| LEADER |
00000nam a22000007a 4500 |
| 005 |
20220519213132.0 |
| 007 |
cr|||| |||| |
| 008 |
220519c20009999us br|w s|||| 0|||b1eng d |
| 022 |
|
|
|a 1540-6210
|
| 035 |
|
|
|a 36224
|
| 040 |
|
|
|a vLex
|
| 090 |
|
|
|c 13364
|d 13364
|
| 245 |
0 |
0 |
|a Public Administration Review
|h [Recurso electrn̤ico] /
|
| 256 |
|
|
|a Servicio en ln̕ea
|
| 260 |
|
|
|a Hoboken:
|b Wiley,
|c 2000 -
|
| 300 |
|
|
|a 1 recurso electrn̤ico
|
| 310 |
|
|
|a Bimestral
|
| 500 |
|
|
|a Public Administration Review (PAR), a bi-monthly professional journal, has been the premier journal in the field of public administration research, theory, and practice for 75 years. It is published for the American Society for Public Administration,TM/SM and is the only journal in public administration that serves both academics and practitioners interested in the public sector and public sector management. Articles identify and analyze current trends, provide a factual basis for decision making, stimulate discussion, and make the leading literature in the field available in an easily accessible format. With articles on a wide range of topics and expert book reviews, PAR is exciting to read and an indispensable resource.
|
| 506 |
1 |
|
|a Disponible solo en los productos indicados
|d vLex Global
|d vLex Global (Academic Edition, excluding Law Schools)
|d vLex Global (Academic Edition, Law Schools)
|
| 650 |
0 |
4 |
|a Derecho Pb︢lico y Administrativo
|z Estados Unidos
|
| 740 |
0 |
|
|a vLex Revistas (Servicio en ln̕ea)
|
| 856 |
4 |
0 |
|u https://app.vlex.com/#/sources/36224
|z Acceso restringido
|
| 942 |
|
|
|c REV
|
| 999 |
0 |
|
|a Public and Administrative Law
|